00437 2200181 4500001002100000005001500021035002000036008004100056245004600097100001700143250000600160260003300166300001200199084001400211082000800225650001000233990001200243INLIS00000000000112420240522085809 a0010-0524000359240522 1 ind 1 aCintaku Tak Pernah Berubah /cMaria Celia aCelia, Maria a1 aJakarta :bBintang Indonesia a128 hlm a813 MAR c a813 4aFiksi a0744102